000 01110aaa a2200325 i 4500
999 _c45994
_d45994
001 768714001
003 CO-MdFUSB
005 20201026160145.0
007 ta
008 200515t1984 enk |||| |||| 00| 0 eng d
020 _a0226435091
040 _bspa.
_aCO-MdFUSB
_cCO-MdFUSB
_dCO-MdFUSBC
_erda
041 _aeng
082 _223
_a282.0922
_bK471
100 1 _aKieckhefer, Richard
_eautor
245 1 _aUnquiet souls :
_bfourteenth-century saints and their religious milieu
_c/ Richard Kieckhefer
264 1 _aChicago :
_bThe University of Chicago Press,
_c[1984]
264 4 _c© 1984
300 _a238 páginas
_c; 24 cm
336 _atexto
_btxt
_2rdacontent
337 _2rdamedia
_asin mediación
_bn
338 _2rdacarrier
_avolumen
_bnc
505 _aTres santos representativos - Paciencia - Devoción a la pasión - Penitencia - El rapto y la revelación - Almas inquietas
563 _aPasta dura
610 2 7 _aIglesia Católica
_y1500-1700 d.C.
650 0 _9285
_aHistoria de la Iglesia
_z(Edad Media), ca. 600-1500
942 _cBK
945 _aJTF-925